000 00971 a2200217 4500
005 20260410150056.0
008 260410b |||||||| |||| 00| 0 eng d
020 _a9788190241984 (hbk)
037 _cTB
040 _aCRL
_cCRL
041 _2hin
_ahin
084 _aY5927:(Q4) 152P9
_qCRL
100 _aरविदास, विलक्षण
_9861927
245 _aअछूत जातियाँ और बौद्ध धर्म:
_bईसा पूर्व छठी सदी से दूसरी सदी तक
260 _aदिल्ली, भारत:
_bनयी किताब प्रकाशन,
_c2018.
300 _a256पृ.
650 _aसमाज शास्त्र
650 _aबौद्ध धर्म
942 _cTB
_2CC
_hY5927:(Q4) 152P9
999 _c1466904
_d1466904